Movies Quiz

Random Movies or Box Office Quiz

Highest Grossing Movies (2009) Quiz Stats

 Plays Quiz Updated Nov 3, 2017

Challenge
Share
Tweet
Score 0/30 Timer 08:00
1 Play Today
% Correct
Avatar
99.5%
Up
95.5%
Star Trek
95%
The Hangover
92.9%
X-Men Origins: Wolverine
91.5%
Taken
88.7%
Paul Blart: Mall Cop
87.5%
Sherlock Holmes
86.8%
Night at the Museum: Battle of the Smithsonian
85.3%
Harry Potter and the Half-Blood Prince
84.5%
Ice Age: Dawn of the Dinosaurs
84.3%
Fast & Furious
84%
Transformers: Revenge of the Fallen
83.3%
The Twilight Saga: New Moon
83%
The Blind Side
78.8%
% Correct
Cloudy with a Chance of Meatballs
77.9%
Alvin and the Chipmunks: The Squeakquel
67.7%
Paranormal Activity
67%
Inglourious Basterds
62.5%
The Proposal
62.2%
Terminator Salvation
61.6%
Monsters Vs. Aliens
60.5%
A Christmas Carol (2009)
59.7%
2012
57%
District 9
56.3%
Angels & Demons
49.2%
G.I Joe: The Rise of Cobra
37.5%
G-Force
35.9%
Couples Retreat
24.6%
It's Complicated
23.9%

You're not logged in!

Compare scores with friends on all Sporcle quizzes.
Join for Free
OR
Log In

You Might Also Like...

Show Comments

Extras

Top Quizzes Today


Score Distribution

Your Account Isn't Verified!

In order to create a playlist on Sporcle, you need to verify the email address you used during registration. Go to your Sporcle Settings to finish the process.

Report this User

Report this user for behavior that violates our Community Guidelines.

Details: